000 00412nam a2200157 i 4500
001 146672
003 ES-MaACL
005 20230906201628.0
007 t|
008 070914s1967 sp ||||1| spa d
100 1 _aTrevett, R. F.
_9111342
245 1 3 _aLa Iglesia y el sexo /
_cR.F. Trevett.
260 _aBarcelona :
_bHerder,
_c1967.
300 _a190 p. ;
_c20 cm.
852 _aES-MaACL
_jC-32788
_bR.63272
999 _c146672
_d146672